| 000 | 00683nam a2200265 a 4500 | ||
|---|---|---|---|
| 003 | AR-BaBNM | ||
| 005 | 20251128203454.0 | ||
| 008 | 082120s2002 ||||||||||||||000 | spa|| | ||
| 040 | _cAR-BaBNM | ||
| 100 | 1 | _aScalabrini Ortiz, Raúl | |
| 245 | 0 | 0 | _aPolítica británica en el Río de la Plata |
| 250 | _a4ª ed. | ||
| 260 |
_aBuenos Aires _bPlus Ultra _c1965 |
||
| 300 |
_a359 p. _btablas |
||
| 650 | 4 | _aECONOMIA | |
| 650 | 4 | _aSOCIEDAD | |
| 650 | 4 | _aPOLITICA DE DESARROLLO | |
| 650 | 4 | _aCOMERCIO | |
| 650 | 4 | _aCONDICIONES ECONOMICAS | |
| 650 | 4 | _aHISTORIA ECONOMICA | |
| 650 | 4 | _aSISTEMAS ECONOMICOS | |
| 650 | 4 | _aHACIENDA PUBLICA | |
| 942 | _cBK | ||
| 998 | _cmariana | ||
| 999 |
_c3538 _d3538 |
||